00892nam a2200253 a 450000100100000000500170001000800410002702000150006804000250008308200180010810000430012624501420016926000510031130000240036249000220038650400410040865000230044965000330047265000160050570000290052170000360055070000300058683000220061600002476520260326113753.0110203s1996 mx r 000 | spa d a968698707X aDO-SdBNPbspacBNPHU a347.05bN274f1 aNathan Cardozo, Benjamín,d1870-193813aLa función judicial /cBenjamín Nathan Cardozo ; traducción Victoria Cisneros, Leonel Pereznieto Castro; prólogo Harlan F. Stone. aMéxico, D. F. :bPereznieto Editores,c1996. axi, 94 p. ;c21 cm.1 aDerecho Comparado aIncluye referencias bibliográficas 4aFunción judicial 4aInterpretación del derecho 0aSentencias 1 aCisneros, Victoria,etr.1 aPereznieto Castro, Leonel,etr.1 aStone, Harlan F.epról. 0aDerecho Comparado